| 000 | 00309nam a2200133 i 4500 | ||
|---|---|---|---|
| 001 | bg | ||
| 100 | 1 | _aSTARODUBOEV, S. V. | |
| 245 | 1 | 0 |
_aJadernaja fizika. _nT.3 / _cS.V. Staroduboev. |
| 260 |
_aTaskent, _c1971. |
||
| 040 | _cBPK | ||
| 041 | _apol | ||
| 942 | _cKS | ||
| 008 | s pl f |000 0 pol | ||
| 999 |
_c14097 _d14097 |
||
| 856 |
_uhttp://koha.tu.koszalin.pl/cgi-bin/koha/opac-detail.pl?biblionumber=14097 _yKatalog online BPK |
||